000 01911cam a2200289 4500500
005 20260322011959.0
041 _afre
042 _adc
100 1 0 _aMunier, Francis
_eauthor
245 0 0 _aLe paradoxe schumpétérien ou l'absence de « Schumpeter Mark II »
260 _c2013.
500 _a19
520 _aLe paradoxe schumpétérien est une interprétation des néo-schumpétériens qui considèrent que la pensée de J.-A. Schumpeter se singularise par une contradiction sur la question de la relation entre la taille des entreprises et leurs capacités novatrices. Nous rejetons cette interprétation en montrant que l’œuvre revêt une véritable unité théorique. Seul un « glissement » de point de vue apparaît sur le plan méthodologique, mais là aussi des nuances doivent être apportées au regard des assertions néo-schumpétériennes. Codes JEL : B10
520 _aThe Schumpeterian paradox or the absence of “Schumpeter Mark II”The Schumpeterian paradox is an interpretation of the neo-schumpeterians, which consider that the thought of J.-A. Schumpeter is made conspicuous by a contradiction on the question of the relation between the size of companies and their innovative capacities. We reject this interpretation by showing a true theoretical unit. Only a “slip” from point of view appears on the methodological level, but nuances must also be brought. JEL Codes: B10
690 _aentrepreneur
690 _aévolution
690 _ainnovation
690 _aparadoxe schumpétérien
690 _ataille de la firme
690 _aentrepreneur
690 _aevolution
690 _ainnovation
690 _aSchumpeterian paradox
690 _asize of the firms
786 0 _nInnovations | 42 | 3 | 2013-08-02 | p. 195-210 | 1267-4982
856 4 1 _uhttps://shs.cairn.info/revue-innovations-2013-3-page-195?lang=fr&redirect-ssocas=7080
999 _c1769131
_d1769131